[Event "BCF-ch U120"]
[Site "Coventry"]
[Date "2015.08.06"]
[Round "4"]
[White "Waugh, Norman"]
[Black "Carr, John W"]
[Result "1/2-1/2"]
[WhiteElo "110"]
[BlackElo "1392"]
[PlyCount "90"]
[EventDate "2015.08.03"]
[EventType "swiss"]
[EventRounds "5"]
[EventCountry "ENG"]
[SourceTitle "CBM 167 Extra"]
[Source "ChessBase"]
[SourceDate "2015.09.14"]
[SourceVersion "1"]
[SourceVersionDate "2015.09.14"]
[SourceQuality "1"]

1. d4 Nf6 2. c4 e5 3. dxe5 Ng4 4. Nf3 Nc6 5. Nc3 Ngxe5 6. Nxe5 Nxe5 7. e4 c6 8. Bf4 Ng6 9. Be3 Bb4 10. Qc2 d6 11. a3 Ba5 12. b4 Bc7 13. Be2 Ne5 14. 0-0 Ng4 15. Bd4 0-0 16. h3 Nf6 17. Rad1 Qe7 18. c5 d5 19. exd5 Nxd5 20. Nxd5 cxd5 21. Bf3 Be6 22. Rfe1 Qd7 23. Be5 Bb8 24. Bxb8 Raxb8 25. Re5 Rfd8 26. Rd4 f6 27. Re3 g6 28. Qb3 Qf7 29. Rxe6 Qxe6 30. Bxd5 Rxd5 31. Rxd5 Kg7 32. Qf3 Qc6 33. Rd6 Qxf3 34. gxf3 f5 35. h4 h5 36. Kg2 f4 37. Rd4 Rf8 38. Rd7+ Rf7 39. Rxf7+ Kxf7 40. Kf1 Ke7 41. Ke2 Kd7 42. Kd3 Kc6 43. Kc4 a6 44. a4 b5+ 45. axb5+ axb5+ 1/2-1/2

[Event "Dundee & Angus Minor"]
[Site "Dundee"]
[Date "2012.10.??"]
[Round "5"]
[White "Waugh, Norman"]
[Black "Johnson, Ian L"]
[Result "0-1"]
[WhiteElo "1097"]
[BlackElo "1315"]
[PlyCount "68"]
[EventDate "2012.10.12"]
[EventType "swiss"]
[EventRounds "5"]
[EventCountry "SCO"]
[SourceTitle "EXT 2023"]
[Source "ChessBase"]
[SourceDate "2022.10.05"]
[SourceVersion "1"]
[SourceVersionDate "2022.10.05"]
[SourceQuality "1"]

1. e4 e5 2. Nf3 d6 3. Nc3 Nf6 4. Bc4 Bg4 5. h3 Bh5 6. d3 h6 7. Be3 c6 8. g4 Nxg4 9. hxg4 Bxg4 10. Qe2 Qf6 11. Rg1 Bxf3 12. Qf1 Bh5 13. Qh3 Bg6 14. Qc8+ Qd8 15. Qxd8+ Kxd8 16. Kd2 Nd7 17. Raf1 a5 18. f4 b5 19. f5 bxc4 20. fxg6 f6 21. dxc4 Rb8 22. Na4 c5 23. b3 Nb6 24. Nxb6 Rxb6 25. Kc1 Kd7 26. Rd1 Rc6 27. Rd5 Ke6 28. Rgd1 Be7 29. a4 f5 30. exf5+ Kxf5 31. Rg1 Bg5 32. Bxg5 hxg5 33. Rd2 Kxg6 34. Rgd1 Rd8 0-1